Kent (UK) A-Z - Statistics

General Stats
  • This quiz has been taken 58 times
  • The average score is 10 of 25
Answer Stats
letter Hint Answer % Correct
B Major out-of-town shopping centre near Dartford Bluewater
94%
A Title of the head of Canterbury Cathedral Archbishop
91%
D Victorian author closely associated with Rochester Charles Dickens
85%
L Self-described 'Loveliest Castle in the World'. Leeds
81%
M River that runs through Rochester and Maidstone Medway
80%
Z What's at Port Lympne Zoo
74%
E International station (that no longer gets international trains) Ebbsfleet
69%
F Town home of brewer, Sheperd Neame Faversham
57%
H Coastal town near Canterbury where the BBC Sitcom Cockles was filmed Herne Bay
50%
W Castle near Deal Walmer
41%
S River that runs through Canterbury and Ashford Stour
37%
C Country house where Winston Churchill lived for 40 years Chartwell
35%
P The P.... Georgian street in Tunbridge Wells, now known for upmarket shopping Pantiles
33%
I National Trust manor house near Tonbridge Ightham Moat
31%
Q Town on Isle of Sheppey Queenborough
30%
G Island that isn't an island that once had a BP refinery and a power station Grain
26%
O The planets of the solar system are dotted throughout this village Otford
19%
U Village and Elizabethan Fort near Chatham Upnor
17%
V V... Bay. Sandy beach near Broadstairs. Viking
17%
Y Village where three rivers meet and that floods. Alot. Yalding
17%
T Small inland town that in Medieval Times had access to the sea Tenterden
15%
K Location near Sittingbourne of the biggest paper mill in Britain Kemsley
13%
N Small 1970s new village between Sevenoaks and Gravesend New Ash Green
6%
R Roman settlement and fort of Regulbium, now a small village Reculver
6%
J District of Dartford that once contained a large isolation hospital Joyce Green
2%
No matching quizzes found
Score Distribution
Percent of People with Each Score
Percentile by Number Answered
Your Score History
You have not taken this quiz